| 000 | 01086nam a2200289 i 4500 | ||
|---|---|---|---|
| 003 | DO-SdBNP | ||
| 005 | 20250902143157.0 | ||
| 007 | ta | ||
| 008 | 250902b2015 dr ac||| |||| 00| 0 spa d | ||
| 020 | _a9789945082432 | ||
| 040 |
_aDO-SdBNP _bspa _cBNPHU _erda |
||
| 041 | _aspa | ||
| 082 | 4 |
_axxx _bM386r _222 |
|
| 100 | 1 |
_aMartínez Almanzar, Juan Francisco _d1950 - _4aut. _910459 _eautor |
|
| 245 | 1 | 3 |
_aLa revoluciónn de Abril : _bantes y después / _cJuan Francisco Martínez Almánzar. |
| 264 |
_aSanto Domingo, República Dominicana : _bCentro de Adiestramiento e Investigación Social, _c2015. |
||
| 300 |
_axvi, 272, xv páginas : _bilustraciones, retratos ; _c22 cm |
||
| 336 |
_atexto _btxt _2rdacontent |
||
| 337 |
_asin mediación _bn _2rdamedia |
||
| 338 |
_avolumen _bnc _2rdacarrier |
||
| 490 | _aColección Centro de Adiestramiento e Investigación Social | ||
| 500 | _aIncluye datos biográficos del autor en la contracubierta. | ||
| 504 | _aBibliografía: páginas [287] | ||
| 590 | _aInventariado, 2025 /LP | ||
| 910 | _aLP | ||
| 942 |
_2ddc _cLBS1 |
||
| 999 |
_c59857 _d59857 |
||